000 02405cam a22006014a 4500
001 92938
005 20230410103723.0
008 011211s2000 sp b 000 0 spa c
010 _a2002504145
020 _a8400078977
020 _a9788400078973
029 1 _aAU@
_b000024195724
029 1 _aHEBIS
_b107858746
035 _a(OCoLC)ocm48637925
035 _a(OCoLC)48637925
040 _aPL#
_cPL#
_dDLC
_dCGU
_dHEBIS
042 _apcc
043 _aa-ph---
_aa-io---
_af-mg---
_ai-mf---
049 _aGRAL
050 1 4 _a315 DS 658
_bP646s 2000
082 0 0 _a925
100 1 _aPinar García, Susana.
245 1 3 _aEl sueño de las especias :
_bviaje de exploración de Francisco Noroña por las Islas de Filipinas, Java, Mauricio y Madagascar /
_cSusana Pinar García.
260 _aMadrid :
_bConsejo Superior de Investigaciones Científicas, Departamento de Historia de la Ciencia,
_c2000.
300 _a419 p. ;
_c18 cm.
490 1 _aCuadernos Galileo de historia de la ciencia ;
_v21
504 _aIncludes bibliographical references (p. 379-419).
600 1 0 _aNoroña, Francisco,
_d1748-1788
_xTravel
_zPhilippines.
600 1 0 _aNoroña, Francisco,
_d1748-1788
_xTravel
_zIndonesia
_zJava.
600 1 0 _aNoroña, Francisco,
_d1748-1788
_xTravel
_zMauritius.
600 1 0 _aNoroña, Francisco,
_d1748-1788
_xTravel
_zMadagascar.
600 1 4 _aNoroña, Francisco.
600 4 _aNoroña, Francisco
_xExpediciones científicas.
600 4 _aNoroña, Francisco
_y1748-1788
_xViajes.
650 4 _aBotánica
_xExpediciones
_ySiglo XVIII.
650 4 _aHistoria natural.
650 4 _aHistoria natural
_zFilipinas.
650 4 _aPrimera Jornada de Cataloagcion.
651 0 _aPhilippines
_xDescription and travel.
651 0 _aJava (Indonesia)
_xDescription and travel.
651 0 _aMauritius
_xDescription and travel.
651 0 _aMadagascar
_xDescription and travel.
651 4 _aFilipinas
_xDescripciones y viajes.
651 4 _aJava
_xDescripciones y viajes.
651 4 _aMauricio (Isla)
_xDescripciones y viajes.
651 4 _aMadagascar
_xDescripciones y viajes.
740 0 2 _aViaje de exploración de Francisco Noroña por las islas Filipinas, Java, Mauricio y Madagascar.
830 0 _aCuadernos Galileo de historia de la ciencia ;
_v21.
938 _aPuvill Libros
_bPUVL
_n8400078977
_c$18.59
942 _2lcc
_cbk
994 _aC0
_bDRFGD
946 _aJP / ih
999 _c24512
_d24512